| 000 | 00819nam a2200277Ia 4500 | ||
|---|---|---|---|
| 001 | Para_1622 | ||
| 003 | CHAP | ||
| 008 | 220125s1990 xx 000 0 und d | ||
| 010 | _a200259 | ||
| 040 | _cCHAP | ||
| 082 | _aPA 632.952 M4 | ||
| 100 |
_aMendoza Zamora, Ceclio _9165137 |
||
| 245 |
_aFungicidas sistémicos y su modo de acción / _c por Cecilio Mendoza Zamora |
||
| 260 |
_aChapingo, Méx. : _b UACh. Departamento de Parasitología Agrícola |
||
| 300 | _a91 h. | ||
| 650 |
_aFitopatología _941161 |
||
| 650 |
_aFungicidas sistémicos _944048 |
||
| 710 |
_aUACh. Depto. Parasitología Agrícola _9165138 |
||
| 901 | _aPA 632.952 M4 | ||
| 902 | _aA | ||
| 905 | _a0000001990 0000000000 00 | ||
| 910 | _a1990 | ||
| 942 | _cPARA | ||
| 942 |
_cPARA _d1 |
||
| 999 |
_c200259 _d200259 |
||